| 000 | 00873nas a2200289 4500 | ||
|---|---|---|---|
| 001 | BR0202927 | ||
| 003 | BR-BrBNA | ||
| 005 | 20231205103022.0 | ||
| 007 | ta | ||
| 008 | 230509b bl.|||p| |||| 00| 00por d | ||
| 040 |
_aBR-BrBNA _bpor _cBiblioteca Nacional de Agricultura |
||
| 041 | _a(Pt) | ||
| 072 | _aF30 | ||
| 100 | 1 | _aOliveira, R.P. de | |
| 100 | 1 | _aCristofani, M. | |
| 100 | 1 | _aAguilar-Vildoso, C.I. | |
| 100 | 1 | _aMachado, M.A. | |
| 245 | 1 | _aDiversidade genética entre hibridos de tangerina 'Cravo' e laranja 'Pêra' | |
| 650 | _aTANGERINA | ||
| 650 | _aLARANJA PERA | ||
| 650 | _aHÍBRIDO | ||
| 650 | _aVARIAÇÃO GENÉTICA | ||
| 650 | _aMARCADOR GENÉTICO | ||
| 773 | 0 |
_tPesquisa Agropecuária Brasileira (Brazil) _xISSN 0100-204X _g(Apr 2002), v. 37(4) p. 479-484 _wBR0202927 |
|
| 909 |
_a202311 _bLúcia _c55 _dLúcia Elande |
||
| 942 |
_2AGRIS _n0 _cANA |
||
| 999 |
_c170603 _d170603 |
||